| 000 | 00755nam a2200193Ii 4500 | ||
|---|---|---|---|
| 003 | JO-AjNU | ||
| 008 | 230605s9999||||xx |||||||||||||| ||und|| | ||
| 040 |
_aJO-AjNU _bara _erda _cJO-AjNU |
||
| 041 | _aara | ||
| 050 | 1 | 4 | _aHM24 .I45 1980z |
| 100 | 3 |
_aالعبد، صلاح واخرون...., _eauthor _920522 |
|
| 245 | 0 | 0 | _aعلم الاجتماع : دراسات نظرية وتطبيقية في تنمية وتحديث المجتمعات النامية |
| 264 | 3 | 1 | _aالاسكندرية: دار المعرفة الجامعية، 1980z |
| 300 | _a532ص | ||
| 336 |
_atext _btxt _2rdacontent |
||
| 337 |
_aunmediated _bn _2rdamedia |
||
| 338 |
_avolume _bnc _2rdacarrier |
||
| 650 | 4 |
_a الدول النامية - سياسة اجتماعية _920523 |
|
| 999 |
_aA6970 _c10538 _d10538 |
||